000 00448nam a2200169Ia 4500
005 20250326143734.0
008 250326s9999 xx 000 0 und d
037 _aTextbook
040 _aFMSL
_beng
_cFMSL
041 _aeng
_2eng
084 _aKXM P5
_qFMSL
245 0 _aHandbook of internaitonal corporate goverce
260 _aLondon
_bLondon, Kogan
_c2005
300 _a506p
942 _cTB
_hKXM P5
999 _c1300815
_d1300815